Wordt geladen...

Banking and fiancial system

Bibliografische gegevens
Hoofdauteur: Vasant Desai
Formaat: Printed Book
Taal:Undetermined
English
Gepubliceerd in: New Delhi Himalaya Publishing House 1995
Editie:1
Onderwerpen:
LEADER 00589nam a2200193Ia 4500
008 140306s9999 xx 000 0 und d
041 |a eng 
082 |a 332.1  |b VAS/BA 
100 |a Vasant Desai 
245 |a Banking and fiancial system 
250 |a 1 
260 |a New Delhi  |b Himalaya Publishing House  |c 1995 
300 |a 481 
365 |b Rs.375 
650 |a Banking practice 
650 |a Financial market 
942 |2 ddc  |c BK 
999 |c 184951  |d 184951 
952 |0 0  |1 0  |2 ddc  |4 0  |6 332_100000000000000_VAS_BA  |7 0  |9 190815  |a KAUCBV  |b KAUCBV  |d 2004-08-03  |g 375.00  |o 332.1 VAS/BA  |r 2014-03-22  |w 2014-03-22  |y BK